<?xml version="1.0" encoding="UTF-8"?>
<record
    xmlns:xsi="http://www.w3.org/2001/XMLSchema-instance"
    xsi:schemaLocation="http://www.loc.gov/MARC21/slim http://www.loc.gov/standards/marcxml/schema/MARC21slim.xsd"
    xmlns="http://www.loc.gov/MARC21/slim">

  <leader>00624cam a2200193 i 4500</leader>
  <datafield tag="999" ind1=" " ind2=" ">
    <subfield code="c">117342</subfield>
    <subfield code="d">117342</subfield>
  </datafield>
  <controlfield tag="001">19768410</controlfield>
  <controlfield tag="005">20200312120058.0</controlfield>
  <controlfield tag="008">170705t20172017nyu      b    001 0 eng  </controlfield>
  <datafield tag="020" ind1=" " ind2=" ">
    <subfield code="a">9781620973479 (hbk : alk. paper)</subfield>
  </datafield>
  <datafield tag="040" ind1=" " ind2=" ">
    <subfield code="c">PK-LaUMT</subfield>
  </datafield>
  <datafield tag="082" ind1="0" ind2="0">
    <subfield code="a">155.915</subfield>
    <subfield code="2">23</subfield>
    <subfield code="b">LIF-C</subfield>
  </datafield>
  <datafield tag="100" ind1="1" ind2=" ">
    <subfield code="a">Lifton, Robert Jay</subfield>
  </datafield>
  <datafield tag="245" ind1="1" ind2="4">
    <subfield code="a">The climate swerve :</subfield>
    <subfield code="b">reflections on mind, hope, and survival /</subfield>
    <subfield code="c">by Robert Jay Lifton</subfield>
  </datafield>
  <datafield tag="260" ind1=" " ind2=" ">
    <subfield code="a">New York :</subfield>
    <subfield code="b">The New Press,</subfield>
    <subfield code="c">2017</subfield>
  </datafield>
  <datafield tag="300" ind1=" " ind2=" ">
    <subfield code="a">xii, 178 p. ;</subfield>
    <subfield code="c">20 cm</subfield>
  </datafield>
  <datafield tag="650" ind1=" " ind2="0">
    <subfield code="a">Climatic changes</subfield>
    <subfield code="x">Psychological aspects.</subfield>
  </datafield>
  <datafield tag="650" ind1=" " ind2="0">
    <subfield code="a">Nuclear warfare</subfield>
    <subfield code="x">Psychological aspects.</subfield>
  </datafield>
  <datafield tag="942" ind1=" " ind2=" ">
    <subfield code="c">BK</subfield>
  </datafield>
  <datafield tag="952" ind1=" " ind2=" ">
    <subfield code="0">0</subfield>
    <subfield code="1">0</subfield>
    <subfield code="4">0</subfield>
    <subfield code="7">0</subfield>
    <subfield code="a">01</subfield>
    <subfield code="b">01</subfield>
    <subfield code="d">2020-03-12</subfield>
    <subfield code="l">0</subfield>
    <subfield code="o">155.915 LIF-C</subfield>
    <subfield code="p">133696</subfield>
    <subfield code="r">2020-03-12 00:00:00</subfield>
    <subfield code="w">2020-03-12</subfield>
    <subfield code="y">BK</subfield>
  </datafield>
</record>
